000 00986nam a2200229Ia 4500
001 15622
003 GE_BSU
008 181216s||||||||xx |||||||||||||| ||und||
040 _cGE_BSU
080 _a94(470)"18" + 316(470)(092გერცენი) + 821.161.1-94
100 _aგერცენი, ა.ი.
245 _aნამყო და ნააზრევი. ტ. 1. ნაწ. 1-2
245 _bვ. ი. ლენინის წერილი "გერცენის ხსოვნას
245 _cთარგმ. ს. თავაძისა ; რედ. ვ. წულუკიძე
260 _aთბილისი
260 _bსაბჭ. საქართველო
260 _c1959
300 _a494 გვ. : 1 ფ. პორტრ.21სმ.
653 _aვ. ი. ლენინის წერილი "გერცენის ხსოვნას
653 _aნამყო და ნააზრევი
942 _cBK
999 _c48722
_d48722